History Quiz

Random History or Europe Quiz

Chapter 8: European Arrival in Canada Quiz Stats

 Plays Quiz not verified by Sporcle

Challenge
Share
Tweet
Embed
Score 0/14 Timer 06:00
0 Plays Today
Year Event % Correct
Year985-1008 Vikings explore Newfoundland but then abandon it
87.5%
Event985-1008 Vikings explore Newfoundland but then abandon it
87.5%
Event1497 John Cabot sails to new world from England
87.5%
Year1497 John Cabot sails to new world from England
87.5%
Year1608 Quebec City established - strategic location for trade, farming, defence
75%
Event1608 Quebec City established - strategic location for trade, farming, defence
75%
Year1534 Cartier claims Gaspe for France, returns to France with two kidnapped Iroquois
62.5%
Year Event % Correct
Year1535 Cartier returns to North America and travels to Montreal (Hochelaga)
62.5%
Year1542 Cartier returns to France with fake gems in attempt to interest King in settlement
62.5%
Year1605 Champlain convinces King to settle new world - Port Royal established as farm and fur trading post
62.5%
Event1534 Cartier claims Gaspe for France, returns to France with two kidnapped Iroquois
62.5%
Event1535 Cartier returns to North America and travels to Montreal (Hochelaga)
62.5%
Event1542 Cartier returns to France with fake gems in attempt to interest King in settlement
62.5%
Event1605 Champlain convinces King to settle new world - Port Royal established as farm and fur trading post
62.5%

You're not logged in!

Compare scores with friends on all Sporcle quizzes.
OR
Log In

You Might Also Like...

Show Comments

Extras

Top Quizzes Today


Score Distribution

Your Account Isn't Verified!

In order to create a playlist on Sporcle, you need to verify the email address you used during registration. Go to your Sporcle Settings to finish the process.

Report this User

Report this user for behavior that violates our Community Guidelines.

Details: